| 000 | 00737nam a2200217 i 4500 | ||
|---|---|---|---|
| 001 | 8598 | ||
| 003 | ES-MaACL | ||
| 005 | 20230906145508.0 | ||
| 007 | t| | ||
| 008 | 920812s1990 fr ||||1| spa d | ||
| 080 | _a84-312.6"19" | ||
| 080 | _a84(Clausell Bernat, C.7 C.02) | ||
| 100 | 1 |
_aClausell Bernat, Carmen. _939094 |
|
| 245 | 1 | 3 |
_aLe Contour mystérieux / _cCarmen Clausell Bernat ; préface de Narciso Alba ; illustrations de Marguerite Giral. |
| 260 |
_a[S.l. : _bs.n.], _cD.L. 1990 ( _eSaint-Esteve : _fMichel Fricker) |
||
| 300 |
_a117 p. : _bil. ; _c19 cm. |
||
| 500 | _aTexto en francés y castellano. | ||
| 700 | 1 |
_aAlba, Narciso. _919193 |
|
| 700 | 1 |
_aGiral, Marguerite. _957183 |
|
| 852 |
_aES-MaACL _jL-16231 _bR.119767 |
||
| 999 |
_c8598 _d8598 |
||